000 00596nam a2200193 4500
999 _c164899
_d164899
005 20190529163029.0
010 _aENG-125392
020 _c199.00
_a9788170948834
035 _aEN-108924
037 _bDBAD/PUB
082 _a346.42054
100 _aTalwar, Rajesh
245 _aMaking your own will:
_cby Rajesh Talwar
_bhow to do it why you should do it
260 _aNew Delhi
_bVision Books
_c2015
270 _a24 Feroze Gandhi Road, Lajpat Nagar 3,
_bNew Delhi
_e110024
300 _a120p
_c22cm(pbk)
500 _aincludes index
942 _2ddc
_cEN
_h346.42054
_mTAL